00539nam a2200169 a 45000010005000000030005000050050017000100080041000270200018000680400026000861000027001122450058001392600043001979420013002409990015002539520101002684146CDMR20130730115023.0130130s2008||||||||||||||||||||||||||||d a9788496855137 aCDMRbcatcCPC LLEIDA 92825aVirgili, Lluís 0aBaldomer Gili Roig (1873-1926) L'objectiu del pinzell aLleidac2008bMuseu d'Art Jaume Morera cMON2ddc c4146d4146 00104070aLLEIDAbLLEIDAd2011-08-10l0o676CULpLLEIDA1312613989r2013-01-16w2013-01-16yMON